Statystyki dla Jak dobrze znasz Rosję?

Kliknij tutaj aby rozwiązać quiz!

Ogólne statystyki

  • Ten quiz został rozwiązany 252 razy
  • Średni wynik to 11 z 17

Statystyki odpowiedzi

PytanieOdpowiedź% Poprawnych
Jakie określenie panowało w Rosji zamiast króla?Car
97%
Z iloma krajami Rosja dzieli granicę lądową?14
93%
Jaka jest stolica Rosji?Moskwa
90%
Ile w Rosji jest stref czasowych?9
89%
Kto był przywódcą ZSRR po Leninie?Józef Stalin
79%
Kto jest aktualnie prezydentem Rosji?Władimir Putin
79%
W którym roku doszło do samorozwiązania ZSRR1991
77%
Kto wprowadził w Rosji komunizm?Włodzimierz Lenin
65%
Jak się nazywa Rosyjska "wenecja"?Petersburg
61%
Jaką nazwę nosi teraz oryginalnie Królewiec?Kaliningrad
57%
O jakie tereny Rosja biła się z Polską i Szwecją?Inflanty
52%
Jak miał na imię pierwszy władca Carstwa Rosyjskiego ?Iwan
50%
Dzień Jedności Narodowej świętuje się aby upamiętnić wyrzucenie z Kremla jakiego państwa?Polska
46%
Kto nakazał zbudować Petersburg?Piotr Wielki
39%
Jak nazywa się okres kryzysu Carstwa Rosyjskiego w latach 1598-1613Wielka Smuta
34%
Jak się nazywa znany chór z Rosji?Aleksandrowa
26%
Jak nazywała się osoba która rządziła Rosją w latach 2008–2012?Dmitrij Miedwiediew
23%

Rozkład punktacji

Percentyl według liczby udzielonych odpowiedzi

Procent ludzi z każdym wynikiem

Twoja historia wyników

Nie rozwiązałeś tego quizu